000 00916nam a2200241 a 4500
001 74054
003 BD-RjUL
005 20211209082502.0
008 180206s2017 bg ||||| |||| 000 0 bng d
020 _a9789843421463
_c200.00
035 _a(BD-RjUL)74272
040 _aBD-RjUL
_beng
_cBD-RjUL
041 _aben
082 _223
_a491.44
_bBIB 2017
100 _aবিশ্বাস, নিখিল রঞ্জন
_9220077
245 1 0 _aবাংলা ভাষার উৎস ও উপাদান /
_c নিখিল রঞ্জন বিশ্বাস
260 _aগোপালগঞ্জ :
_bবেদবাণী প্রকাশনী ,
_c২০১৭
300 _a১১৬ পৃ. ;
_c২১ সেমি.
504 _aগ্রন্থপঞ্জি সম্বলিত
650 _aবাংলা ভাষা
_9220078
650 _aBengli language
_9220079
942 _2ddc
_cBK
999 _c74054
_d74054